000 00798cam a22002174a 4500
999 _c58752
_d58752
001 16735524
005 20221116140307.0
008 110414s2012 nyua b 001 0 eng
010 _a 2011015937
020 _a9781108470056 (hardback)x
020 _a9781108455169(paperback)x
080 _a339 R-37
100 1 _aReinert, Kenneth A.
_914404
245 1 3 _aAn introduction to international economics :
_bnew perspectives on the world economy /
_cKenneth A. Reinert.
250 _aSECOND EDITION
264 _aNew York :
_bCambridge University Press,
_c2021.
300 _axxiv, 553 p. :
_bill. ;
_c27 cm.
653 _aსაერთაშორისო ეკონომიკური ურთიერთობები.
653 _aეკონომიკა
942 _2udc
_cBK